banner-ar

MAN AND ANIMALS / (Record no. 4745)

MARC details
000 -الفاتح
حقل البيانات ثابتة الطول 00534nam a2200205Ia 4500
008 - عناصر البيانات ثابتة الطول - معلومات عامة
حقل البيانات ثابتة الطول 140319s9999 xx 000 0 eng d
020 ## - الرقم الدولى المعيارى للكتب
الرقم الدولى المعيارى للكتاب 505061851
040 ## - مصدر الفهرسة
وكالة الفهرسة الأصلية GCL /
وكالة النسخ GCL
082 04 - رقم تصنيف ديوى العشرى
رقم التصنيف 591.51
رقم المادة D M
100 1# - المدخل الرئيسى - إسم شخصى
الإسم الشخصى BARONE, MICHAEL
245 10 - بيان العنوان
العنوان MAN AND ANIMALS /
بيان المسئوليه,etc BARONE, MICHAEL
700 1# - المدخل الاضافى - اسم شخصى
الإسم الشخصى DMITRIYEVICH, LEONID
300 ## - الوصف المادى
التعداد 335 P
تفاصيل ماديه اخرى للوعاء ILL. ؛
أبعاد الوعاء 24 cm.
650 04 - المدخل الاضافى بالموضوع-مصطلح موضوعى
مصطلح موضوعي ANIMALS
650 04 - المدخل الاضافى بالموضوع-مصطلح موضوعى
مصطلح موضوعي ANIMAL BEHAVIOR
650 04 - المدخل الاضافى بالموضوع-مصطلح موضوعى
مصطلح موضوعي HUMAN - ANIMAL COMMUNICATION
942 ## - عناصر المدخل الإضافي( كوها)
مصدر التصنيف او مخطط الترفيف Dewey Decimal Classification
Koha [default] item type كتاب
260 ## - PUBLICATION, DISTRIBUTION, ETC. (IMPRINT)
-- [S.N] :
-- RADUGA PUBLISHERS
Holdings
حالة التراجع حالة الفقد حالة تلف ليس للاعارة المكان المؤقت الموقع الحالى تاريخ الاكتساب اجمالي اﻻعارات رقم الطلب الباركود تاريخ اخر مشاهدة تاريخ تفعيل السعر نوع وعاء كوها
        مكتبة القاهرة الكبرى مكتبة القاهرة الكبرى 03/26/2014   591.51\D M 10672 03/26/2014 03/26/2014 كتاب

Powered By

EGPV